| 000 | 00630nam a2200193 i 4500 | ||
|---|---|---|---|
| 001 | 72303 | ||
| 003 | ES-MaACL | ||
| 005 | 20230906171408.0 | ||
| 007 | t| | ||
| 008 | 040830q1931 sp ||||1| spa d | ||
| 080 | _a342.8 | ||
| 100 | 1 |
_aGinebra, Viriato. _957112 |
|
| 245 | 1 | 0 |
_aOpinión y Parlamento : _bobservaciones en torno al sistema democrático-parlamentario y al procedimiento electoral / _cViriato Ginebra. |
| 260 |
_aMadrid : _bHorizonte, _c[ca. 1931] |
||
| 300 |
_a60 p. ; _c16 cm. |
||
| 650 | 4 |
_aParlamentarismo- _zEspaña. _9154821 |
|
| 650 | 4 |
_aSistema electoral- _zEspaña. _9155003 |
|
| 852 | 4 |
_aES-MaACL _j1791-F-5 |
|
| 999 |
_c72303 _d72303 |
||